| 000 | 00514nam a2200193Ia 4500 | ||
|---|---|---|---|
| 005 | 20250326141956.0 | ||
| 008 | 250326s9999 xx 000 0 und d | ||
| 020 | _a81-7100-087-8 | ||
| 037 | _aTextbook | ||
| 040 |
_aFMSL _beng _cFMSL |
||
| 041 |
_aeng _2eng |
||
| 084 |
_aX:8D.44 M8 _qFMSL |
||
| 100 |
_aGaur A K _9745383 |
||
| 245 | 0 |
_aFederal fice in India _cGaur A K |
|
| 260 |
_aN.D _bN.D, Deep & Deep Pub. _c1988 |
||
| 300 | _a235p | ||
| 942 |
_cTB _hX:8D.44 M8 |
||
| 999 |
_c1292870 _d1292870 |
||